00699nab a2200205 uc450000100070000000500170000700800410002403500110006503500210007604000130009704100080011010000320011824500710015065000180022165000270023965000550026665000390032165000300036077301030039077604520240201183808.0020924s2002 spa  a776045 a(OCoLC)819990388 ccomduadb aspa10aSantana Perez, F.4auteaut10aEliminacion de COVs de una planta incineradora de residuos medicos aIncineradores aResiduos hospitalarios aBiofiltracióngCreado por Maria Victoria Alvarez aCompuestos orgánicos volátiles aEliminación de residuos0 tIngeniería Química (Madrid)gVol. 34, No. 391, Jun. 2002, p. 182-192w102048x0210-2064089813